[Event "EIWCC 2017"]
[Site "Riga"]
[Date "2017.04.15"]
[Round "5"]
[White "Cramling, Pia"]
[Black "Antova, Gabriela"]
[Result "1-0"]
[WhiteElo "2452"]
[BlackElo "2335"]
[Annotator "TA"]
[PlyCount "63"]
[EventDate "2017.??.??"]
[EventType "swiss"]
[EventCountry "LAT"]
[SourceTitle "playchess.com"]
[Source "ChessBase"]
[SourceQuality "1"]

{[%evp 19,63,18,37,35,23,18,22,13,38,6,6,6,6,6,6,7,7,3,11,11,123,128,121,123,156,146,143,145,167,94,191,176,414,414,529,529,529,529,529,525,514,507,492,474,854,850]} 1. d4 d5 2. Nf3 Nf6 3. c4 c6 4. Nc3 dxc4 5. a4 e6 6. e3 c5 7. Bxc4 Nc6 {D16: Slav Defence: 5 a4: Lines with 5...Bg4 and 5...Na6} (7... cxd4 8. exd4 Nc6 9. O-O Be7 10. Qe2 O-O 11. Rd1 Nb4 12. a5 Bd7 13. Ne5 Be8 14. Bg5 Nfd5 15. Bd2 a6 16. Nxd5 Nxd5 17. Bd3 {½-½ (51) Nakamura,H (2793)-Shankland,S (2666) Saint Louis 2017}) 8. O-O cxd4 9. Nxd4 Nxd4 10. exd4 Be7 {LiveBook: 6 Games} 11. Be3 O-O 12. Qf3 Qc7 13. b3 Bd7 14. d5 $146 (14. Rac1 Ba3 15. Rcd1 {½-½ (40) Gupta,A (2612)-Dubov,D (2614) Moscow 2013}) 14... Bb4 15. Nb5 Bxb5 $1 16. axb5 exd5 17. Bxd5 Nxd5 18. Qxd5 Rfd8 19. Qe4 Bd6 (19... Qe7 $11 {remains equal.} 20. Qxe7 Bxe7) 20. Rxa7 $16 Rab8 21. g3 Re8 22. Qc4 Qe7 23. Rd1 h5 24. Kg2 ({White should try} 24. Rd5 $18) 24... Rbd8 (24... Rec8 $16 {is a better defense.} 25. Qd5 Bc5) 25. Rd5 $36 {[%mdl 2048] Black is under strong pressure.} Bb8 $2 {[#]} (25... Be5 26. Rxd8 Rxd8) 26. Bg5 $18 ({Weaker is} 26. Rxh5 Bxa7 27. Bxa7 Qe4+ 28. Kh3 (28. Qxe4 Rxe4 29. Rc5 Rb4 $17) 28... Re5 29. Rxe5 (29. Qxe4 Rxe4 30. Bb6 Rd3 $17) 29... Qxe5 $17) 26... Rc8 27. Bxe7 {White is clearly winning.} Rxc4 28. bxc4 Bxa7 29. Rd7 Rc8 30. Rxb7 Bd4 31. b6 Rxc4 (31... Bxb6 $142 32. Rxb6 Rxc4) 32. Rc7 1-0

[Event "EIWCC 2017"]
[Site "Riga"]
[Date "2017.04.15"]
[Round "5"]
[White "Zawadzka, Jolanta"]
[Black "Gara, Anita"]
[Result "1/2-1/2"]
[WhiteElo "2449"]
[BlackElo "2354"]
[Annotator "TA"]
[PlyCount "119"]
[EventDate "2017.??.??"]
[EventType "swiss"]
[EventCountry "LAT"]
[SourceTitle "playchess.com"]
[Source "ChessBase"]
[SourceQuality "1"]

{[%evp 17,119,0,0,-8,0,-11,0,-25,-18,-26,-14,-42,14,26,4,-75,-69,-80,-57,-90,-14,-78,-97,-87,-77,-111,-91,-88,-104,-118,-56,-64,-18,-116,0,0,0,-141,-136,-345,-349,-515,-520,-527,-522,-468,-14,-4,55,55,55,0,73,19,19,19,19,19,19,19,19,19,19,12,12,12,12,12,12,12,19,19,26,26,26,18,26,26,26,18,26,26,26,26,26,18,18,9,9,9,10,10,10,10,10,4,26,26,26,26,26,26,26,0]} 1. e4 c5 2. Nf3 Nc6 3. d4 cxd4 4. Nxd4 g6 5. c4 d6 6. Nc3 Bg7 7. Be3 Qb6 {B38: Sicilian: Maroczy Bind with 5...Bg7 and 7...0-0} 8. Nb3 Bxc3+ 9. bxc3 Qc7 {LiveBook: 9 Games. The position is equal.} 10. Be2 (10. Bd3 Nf6 11. O-O b6 12. h3 Ne5 13. Bh6 Nxd3 14. Qxd3 Ba6 15. Nd2 {1-0 (34) Alekseev,E (2636)-Savchenko,B (2613) Sochi 2016}) 10... Nf6 11. f3 O-O 12. O-O b6 13. Qe1 $146 (13. Nd4 Na5 14. Nb5 Qc6 15. Nd4 Qc7 16. Nb5 {½-½ (16) Winfridsson,H (2120)-Hladik,O (2205) Ostrava 2007}) 13... Be6 14. Nd4 Na5 ({Black should try} 14... Nxd4 $15 15. cxd4 Bxc4) 15. Nxe6 $11 fxe6 16. e5 (16. c5 $1 $11) 16... dxe5 $17 17. Qh4 Rac8 {[%cal Ra5c4]} 18. c5 bxc5 ({Better is} 18... Nd5 $17 19. cxb6 axb6) 19. c4 (19. Bh6 $11) 19... Rb8 20. Rfe1 Rb2 21. Qg5 Rd8 22. f4 Nc6 23. Bf1 exf4 (23... Ne4 $17 24. Qg4 Nd4 25. Bxd4 Rxd4 26. Qxe6+ Kg7) 24. Bxf4 $15 Qd7 25. Be3 (25. Qxc5 $11 {remains equal.} Kf7 26. Re3) 25... Nd4 (25... e5 $17 26. Bxc5 Qf5) 26. Qxc5 $11 Nc2 27. Re2 (27. Rad1 $11 {keeps the balance.} Qxd1 28. Rxd1 Rxd1 29. Qxe7 Rxf1+ 30. Kxf1 Nxe3+ 31. Ke1) 27... Ng4 $1 $17 28. Rd2 $2 (28. Bf2 $17 Rf8 29. Rc1) 28... Qe8 $19 29. Rad1 (29. Rxc2 $142 Rxc2 30. Qxa7) 29... Rxd2 $1 (29... Rc8 30. Qxc8 Qxc8 31. Rd8+ Qxd8 32. Rxd8+ Kf7 33. Bxa7 $17) 30. Bxd2 {Black must now prevent Be2.} Qb8 {[%csl Gg4][%cal Rb8h2]} ({But not} 30... Rxa2 $2 31. h3 Nf6 32. Bc3 $18) 31. g3 {[#]} Qb6 $2 (31... Nce3 $1 $19 {[%cal Re3d1][%mdl 512]} 32. Qxe7 (32. Bxe3 $2 Rxh2 33. Rd8+ Qxd8 $19) 32... Nxd1 33. Qxe6+ Kf8) 32. Qxb6 $11 axb6 (32... Rxb6 $11 33. c5 Rc6) 33. Bc3 $14 Rxa2 {Hoping for ...Nce3.} 34. c5 (34. Rd2 $14) 34... Ra3 {[#]} (34... bxc5 $11 35. Bc4 Ra8 36. Bxe6+ Kf8) 35. cxb6 (35. Bb2 $1 $16 {[%cal Rb2a3]} bxc5 36. Rc1 (36. Bxa3 Nxa3 37. Rc1 c4 $16)) 35... Rxc3 36. b7 Rb3 37. Rd8+ Kf7 38. b8=Q Rxb8 39. Rxb8 $11 {[%mdl 4096] Endgame KRB-KNN} Nd4 40. Bg2 Ne2+ 41. Kf1 Nd4 42. h3 Ne3+ 43. Kf2 Nxg2 44. Kxg2 {KR-KN} g5 45. g4 Ne2 46. Rb5 Kf6 47. Rb2 Nf4+ 48. Kg3 Nd5 49. Kf3 Kg6 50. Ke4 Nf6+ 51. Ke5 h5 52. Rg2 (52. gxh5+ $5 {creates asymmetry.} Nxh5 53. Rh2 Nf4 54. h4 Kh5 55. hxg5+ Kxg5 56. Ra2) 52... hxg4 53. hxg4 Kf7 54. Rg1 Nd7+ 55. Ke4 Nf6+ 56. Kf3 Kg6 57. Re1 {White has an edge.} Kf7 58. Re5 Nh7 $1 59. Ra5 Kg6 60. Ke4 1/2-1/2

[Event "EIWCC 2017"]
[Site "Riga"]
[Date "2017.04.15"]
[Round "5"]
[White "Khotenashvili, Bela"]
[Black "Berzina, Ilze"]
[Result "1-0"]
[WhiteElo "2445"]
[BlackElo "2297"]
[Annotator "TA"]
[PlyCount "75"]
[EventDate "2017.??.??"]
[EventType "swiss"]
[EventCountry "LAT"]
[SourceTitle "playchess.com"]
[Source "ChessBase"]
[SourceQuality "1"]

{[%evp 19,75,0,22,35,105,104,147,139,149,152,177,86,356,312,546,544,540,523,458,205,208,181,236,252,289,266,252,241,285,251,300,292,285,283,386,379,833,798,808,614,853,850,1156,1172,2030,623,608,608,588,581,699,690,1019,1019,1410,1334,998,983]} 1. Nf3 d5 2. c4 c6 3. e3 Nf6 4. Nc3 e6 5. b3 Bd6 6. Bb2 O-O 7. Qc2 Nbd7 8. Rg1 {A11: English Opening: 1...c6} (8. Rc1 a6 9. d4 e5 10. cxd5 cxd5 11. dxe5 Nxe5 12. Nd4 Bd7 13. Be2 Rc8 14. O-O Ne4 15. Qd1 Qh4 {½-½ (27) Van Wely,L (2667)-Bok,B (2594) Amstelveen 2016}) 8... e5 9. cxd5 cxd5 10. Nb5 Qe7 {LiveBook: 4 Games} 11. Rc1 e4 (11... d4 $14) 12. Nfd4 $16 {Threatens to win with Nf5.} (12. Nxd6 Qxd6 13. Qc7 Qxc7 14. Rxc7 exf3 $17) 12... Bc5 13. Nf5 $146 (13. g4 Bxd4 14. exd4 a6 15. Ba3 Qd8 {1-0 (24) Grothe,T (2195)-Metz,H (2320) Baden 2013}) 13... Qd8 14. g4 {[%cal Bg2g4,Bg4g5][%mdl 32]} a6 15. Nbd4 (15. Nbd6 $18) 15... b6 $2 {[%mdl 8192]} (15... Bxd4 $16 16. Bxd4 (16. Nxd4 Ne5 $14) 16... Ne8) 16. g5 Ne8 $2 (16... Bxd4 17. Nxd4 Nh5) 17. Nc6 $18 Qc7 18. Nce7+ Kh8 19. b4 (19. Nxd5 $142 Qxh2 20. Rg3) 19... Ne5 20. Be2 ({Worse is} 20. bxc5 Nf3+ 21. Kd1 Bxf5 22. Nxf5 Nxg1 23. cxb6 Qxb6 $14) 20... Bxf5 (20... Nd3+ {was worth a try.} 21. Bxd3 Qxh2) 21. Nxf5 Qd7 22. Nxg7 $1 ({Don't do} 22. bxc5 $6 Qxf5 23. cxb6 Nd6 $16) 22... Bd6 23. Nh5 Ng7 24. Nxg7 Kxg7 25. Qc6 Qe6 26. Bg4 $1 {[%cal Rg4e6]} ({Not} 26. Qxb6 Rfb8 27. Qc6 Kg8 28. Bxe5 Qxe5 $16) 26... Qe7 27. Qxd5 f6 $2 (27... Kg8 28. Qxe4 Rfe8) 28. Qxe4 {White is clearly winning.} Rad8 29. Bd4 Kh8 30. gxf6 Rxf6 31. f4 Nxg4 32. Qxe7 (32. Rxg4 $142 Bxb4 33. Rc6 Bxd2+ 34. Ke2 Qf7 {[#]} 35. Rc7 $1 {[%mdl 512]} Rxd4 36. Qxd4 Qf8 37. Qxf6+ $1 {[%mdl 512]} Qxf6 38. Rc8+ Qf8 39. Rxf8#) 32... Bxe7 33. Rxg4 Rxd4 34. exd4 {[%cal Be3d4,Bd4d5,Bd5d6,Bd6d7][%mdl 32]} Bxb4 {KRR-KRB} 35. Rc8+ Bf8 36. d5 h5 {[#]} 37. d6 $1 Kh7 {[#]} (37... Rxd6 38. Rxf8+) 38. d7 $1 {[%mdl 512]} 1-0

[Event "EIWCC 2017"]
[Site "Riga"]
[Date "2017.04.15"]
[Round "5"]
[White "Daulyte, Deimante"]
[Black "Ivanenko, Olga I"]
[Result "0-1"]
[WhiteElo "2443"]
[BlackElo "2252"]
[Annotator "TA"]
[PlyCount "64"]
[EventDate "2017.??.??"]
[EventType "swiss"]
[EventCountry "LAT"]
[SourceTitle "playchess.com"]
[Source "ChessBase"]
[SourceQuality "1"]

{[%evp 3,64,20,40,24,27,27,34,12,10,13,31,25,40,31,25,33,35,19,27,31,29,19,15,14,39,-26,-41,-36,-27,-33,-30,-22,-37,-84,-75,-86,-70,-97,-97,-131,-120,-162,-172,-159,-135,-133,-133,-137,-133,-132,-130,-1004,-1008,-1025,-1025,-992,-997,-1085,-727,-29996,-29997,-29997,-29998]} 1. e4 {[%cal Be2e4,Be4e5][%mdl 32]} c5 2. Nf3 a6 3. Be2 {B28: Sicilian: 2 Nf3 a6 (O'Kelly Variation)} (3. b3 d6 4. Bb2 Nf6 5. e5 dxe5 6. Nxe5 e6 7. g3 Qd5 8. Qf3 Nbd7 9. Bg2 Nxe5 10. Qxd5 Nxd5 11. Bxe5 f6 {1-0 (42) Vitiugov,N (2726)-Pantsulaia,L (2607) Doha 2016}) 3... Nc6 4. O-O Nf6 5. e5 {White is slightly better.} Ng4 6. b4 b6 $146 (6... cxb4 7. d4 d5 8. a3 bxa3 9. Nxa3 e6 10. c4 Be7 {1-0 (26) Basman,M (2400)-Franklin,M (2335) London 1974}) 7. Bb2 e6 8. h3 Nh6 9. bxc5 bxc5 10. Na3 Be7 11. Nc4 O-O 12. d4 cxd4 13. Nxd4 Bb7 14. Nd6 (14. Rb1 $14) 14... Bxd6 15. exd6 Nxd4 16. Qxd4 {[%csl Gb2][%cal Rd4g7] [#]} Qg5 {[%csl Gb7][%cal Rg5g2]} 17. g3 f6 18. Rfd1 Qf5 19. g4 Qxc2 20. Rd2 Qg6 21. Bd3 {[#]} Qg5 $1 $40 {[%mdl 128] Black wants a kill.} ({Don't do} 21... Nf5 22. Qf4 $15) 22. Rc2 Nf7 23. f4 Qh4 {And now ...Qg3+ would win.} 24. Kh2 Rfc8 25. Rac1 Rxc2+ 26. Rxc2 Qe1 27. g5 $2 {[%mdl 8192]} (27. Qg1 $17 Qxg1+ 28. Kxg1) 27... Qh1+ $19 28. Kg3 Qf3+ 29. Kh2 e5 30. fxe5 fxe5 31. Qc4 Qh1+ 32. Kg3 Qg1+ 0-1

[Event "EIWCC 2017"]
[Site "Riga"]
[Date "2017.04.15"]
[Round "5"]
[White "Danielian, Elina"]
[Black "Mammadzada, Gunay"]
[Result "1-0"]
[WhiteElo "2437"]
[BlackElo "2348"]
[Annotator "TA"]
[PlyCount "81"]
[EventDate "2017.??.??"]
[EventType "swiss"]
[EventCountry "LAT"]
[SourceTitle "playchess.com"]
[Source "ChessBase"]
[SourceQuality "1"]

{[%evp 15,81,25,42,28,20,18,22,19,22,-8,5,-4,66,39,93,96,96,85,91,76,80,70,75,72,101,86,165,124,214,223,234,160,193,171,178,100,251,234,251,249,327,295,278,189,349,338,356,282,531,500,566,554,502,489,788,799,795,783,994,993,993,973,2123,2108,29983,29984,29995,29996]} 1. d4 d5 2. c4 c6 3. Nf3 Nf6 4. e3 Bf5 5. Nc3 e6 6. Nh4 Be4 7. f3 Bg6 8. Qb3 Qc7 9. Bd2 {D12: Slav Defence: 3 Nf3 Nf6 4 e3 Bf5} Be7 (9... a6 10. Rc1 dxc4 11. Bxc4 Nbd7 12. a4 Be7 13. g3 Bh5 14. O-O O-O 15. Ng2 Rad8 16. Nf4 Kh8 {½-½ (34) So,W (2822)-Caruana,F (2817) chess.com INT 2017}) 10. g3 Bh5 11. O-O-O {The position is equal.} Nfd7 {[#] Threatens to win with ...Bxh4.} 12. g4 dxc4 $146 (12... Bxg4 13. fxg4 Bxh4 14. e4 dxc4 15. Bxc4 Nb6 16. Be2 N8d7 {1-0 (41) Vijayalakshmi,S (2319)-Ankit,R (2477) Kolkata 2015}) 13. Bxc4 b5 (13... Bxh4 14. gxh5 Nf6 15. Ne4 $16) ({Better is} 13... Bxg4 $11 14. fxg4 Bxh4) 14. Be2 Bg6 (14... Bxg4 $1 $14 15. fxg4 Bxh4) 15. Nxg6 $16 hxg6 16. f4 a5 17. Qc2 Na6 18. Kb1 Nb4 19. Qe4 (19. Nxb5 $6 Qb7 20. Qe4 Rb8 $15) 19... Nf6 20. Qf3 (20. Nxb5 Qb8 21. Qe5 cxb5 $17) 20... Rd8 (20... a4 $16 {was called for.}) 21. h4 Qd7 {[#]} (21... Nbd5 $16) 22. e4 $1 $18 ({Don't play} 22. a3 $6 Nbd5 $16) 22... Na6 23. Be3 Nc7 24. h5 ({Much less strong is} 24. g5 Nh5 $16) 24... gxh5 25. gxh5 (25. Qg2 $18) 25... b4 $2 (25... a4 $16 {is a better defense.}) 26. Na4 {aiming for Nb6.} Nb5 27. Qg2 Qa7 28. Bf3 ({Not} 28. Qxg7 Rg8 29. Qh6 Rg2 $18) 28... Rg8 29. Nc5 a4 $2 (29... Bxc5 {was worth a try.} 30. dxc5 Rxd1+ 31. Rxd1 Qb8) 30. e5 Nd5 31. Bxd5 cxd5 $2 (31... Rxd5 {was necessary.} 32. h6 g6) 32. h6 {[%cal Bh5h6,Bh6h7][%mdl 32] Hoping for h7.} g6 33. h7 Rh8 34. f5 Bxc5 (34... exf5 $142 35. e6 b3 36. exf7+ Kxf7) 35. fxg6 fxg6 36. Qxg6+ Qf7 37. Qxf7+ Kxf7 38. dxc5 {[%cal Bd4c5,Bc5c6][%mdl 32]} Ke8 39. c6 Rc8 40. Rdg1 Kf8 41. Bh6+ 1-0

[Event "EIWCC 2017"]
[Site "Riga"]
[Date "2017.04.15"]
[Round "5"]
[White "Atalik, Ekaterina"]
[Black "Muzychuk, Mariya"]
[Result "1/2-1/2"]
[WhiteElo "2429"]
[BlackElo "2546"]
[Annotator "TA"]
[PlyCount "48"]
[EventDate "2017.??.??"]
[EventType "swiss"]
[EventCountry "LAT"]
[SourceTitle "playchess.com"]
[Source "ChessBase"]
[SourceQuality "1"]

{[%evp 27,48,8,7,0,5,0,0,0,0,0,75,0,11,11,11,11,5,6,3,9,12,6,39]} 1. d4 d5 2. c4 c6 3. Nf3 Nf6 4. Nc3 e6 5. e3 Nbd7 6. Qc2 Bd6 7. Bd3 O-O 8. O-O e5 9. cxd5 cxd5 10. Nb5 {D46: Semi-Slav: 5 e3 Nbd7 6 Bd3, Black avoids the Meran} (10. e4 exd4 11. Nxd5 Nxd5 12. exd5 h6 13. b3 Nf6 14. Bb2 Nxd5 15. Qc4 Nb4 16. Rad1 Nxd3 17. Rxd3 Qb6 18. Bxd4 Qb4 19. Qxb4 Bxb4 20. Bc3 Bf5 {½-½ (85) Wang,H (2717)-Ding,L (2766) Huaian 2016}) 10... Bb8 11. dxe5 Nxe5 12. Nxe5 Bxe5 13. Bd2 a6 14. Nd4 Re8 {LiveBook: 3 Games} 15. Nf3 Bd6 16. Bc3 $146 (16. Rfd1 Bg4 17. Bf5 Bxf3 18. gxf3 {1-0 (48) Beliavsky,A (2630)-Mastrovasilis,D (2562) Warsaw 2005}) 16... Ne4 17. h3 Bd7 18. Rfd1 Rc8 (18... Qe7 $11 {keeps the balance.}) 19. Rac1 ({White should try} 19. Bxe4 $1 $16 dxe4 20. Rxd6 exf3 21. Qd1 (21. gxf3 Qe7 22. Rd5 Rc6 $11)) 19... Qb6 {The position is equal.} (19... Qe7 $5 {seems wilder.} 20. Qb3 Bc6 21. Ba5 Nc5 22. Qc3 Ne4) 20. Bxe4 dxe4 21. Qd2 exf3 22. Qxd6 Qxd6 23. Rxd6 Bc6 24. g4 Rcd8 1/2-1/2

[Event "EIWCC 2017"]
[Site "Riga"]
[Date "2017.04.15"]
[Round "5"]
[White "Kashlinskaya, Alina"]
[Black "Gara, Ticia"]
[Result "1-0"]
[WhiteElo "2426"]
[BlackElo "2325"]
[Annotator "TA"]
[PlyCount "127"]
[EventDate "2017.??.??"]
[EventType "swiss"]
[EventCountry "LAT"]
[SourceTitle "playchess.com"]
[Source "ChessBase"]
[SourceQuality "1"]

{[%evp 10,127,51,55,47,38,64,47,50,46,46,50,43,51,86,101,107,75,100,72,123,120,113,121,120,96,92,54,59,62,62,50,42,8,72,75,75,75,69,81,81,81,81,81,81,81,81,81,81,85,86,84,93,87,95,88,91,87,97,96,93,72,84,85,93,82,117,114,115,113,203,206,301,231,379,179,227,227,228,221,221,223,333,327,321,302,295,233,310,316,317,310,389,406,393,387,389,375,743,789,537,512,846,560,535,427,620,368,29965,29967,29974,29974,29971,29971,29979,29980,29978,29979,29988,29989]} 1. d4 d5 2. c4 dxc4 3. e4 Nc6 4. Nf3 Bg4 5. d5 Ne5 6. Bf4 Ng6 {D20: Queen's Gambit Accepted: 3 e3 and 3 e4} 7. Bg3 {Black must now prevent h3.} (7. Be3 Nf6 8. Bxc4 e5 9. Nc3 Bd6 10. Bb5+ Kf8 11. O-O Nf4 12. Re1 g5 13. g3 Nh3+ 14. Kh1 {½-½ (46) Matlakov,M (2701)-Edouard,R (2613) Caleta 2017}) 7... e6 8. Qa4+ $146 (8. Nc3 exd5 9. Nxd5 Bd6 10. Bxc4 Bxg3 11. hxg3 c6 12. Ne3 Qxd1+ 13. Rxd1 Bxf3 14. gxf3 {1-0 (86) Nadvesnik,V (1878)-Kralj,M (1780) Ljubljana 2013}) 8... Qd7 {White is slightly better.} 9. Qxd7+ ({Much worse is} 9. Qxc4 exd5 10. exd5 Bxf3 11. gxf3 Nf6 $11) 9... Kxd7 10. Ng5 {Hoping for h3.} Bb4+ 11. Nc3 exd5 12. Nxf7 d4 ({Don't take} 12... Re8 $2 13. f3 (13. Nxh8 Bxc3+ 14. bxc3 Nxh8 $18) 13... Be6 14. Nxh8 Bxc3+ 15. bxc3 $18) 13. f3 Be6 14. Nxh8 Nxh8 (14... dxc3 $142 15. O-O-O+ Kc6) 15. O-O-O $16 Bxc3 16. bxc3 {[#] Strongly threatening Bxc4!} d3 17. Be5 Nf6 18. g4 Ng6 19. Bg3 Rf8 20. Kd2 h5 21. h3 (21. gxh5 $5 {looks sharper.} Nxh5 22. Ke3 Ne7 23. f4 Bg4 24. Rb1) 21... hxg4 (21... h4 $11 22. Bh2 Kc6) 22. hxg4 Bxg4 23. fxg4 Nxe4+ 24. Kc1 Nxg3 {[#]} 25. Bxd3 $1 {[%mdl 512]} cxd3 26. Rxd3+ Kc6 27. Rxg3 {[%mdl 4096] Endgame KRR-KRN} Rf2 28. Rh7 Nf4 29. Kb1 Ne6 30. Re3 Rf6 31. Rh5 Kd6 32. Rf5 Rh6 33. Rf2 Rg6 34. Rd2+ Kc6 35. Kc2 Nc5 36. Rg2 Rg5 37. Kd2 Nd7 38. Ke2 Ne5 39. Re4 Kd5 (39... Kd7 $16 {was necessary.} 40. Rf2 g6) 40. Ke3 $18 Rg6 (40... Ke6 $142 41. Kf4 Kf6) 41. g5 {And now Rd2+ would win.} Nf7 (41... Rd6 {might work better.} 42. Rf2 Nc4+ 43. Kf4 Rc6) 42. Re7 (42. Kf4 $142) 42... Nxg5 43. Rxc7 Re6+ 44. Kf4 {[%cal Rg2d2]} Ne4 45. Rgxg7 {Threatens to win with Rgd7+.} Rf6+ (45... b5 $142 46. Rcd7+ Kc5) 46. Ke3 {aiming for c4+.} Nd6 {intending ...Nf5+.} 47. Rgd7 Ke5 48. Rd8 Rh6 49. Re7+ Kd5 50. Rxb7 Rh3+ 51. Kd2 Rh2+ 52. Kd3 Rxa2 53. Rdd7 Rh2 $2 (53... Rf2 54. Rxa7 Rf3+ 55. Kc2 Kc6 56. Rac7+ Kb6) 54. Rxa7 Rh3+ 55. Kc2 Kc6 (55... Ke5 $142 56. Rh7 Rxh7 57. Rxh7 Ke6 58. Rh6+ Ke5) 56. Rac7+ Kb6 57. Kb3 Nb5 (57... Rh8 $142 58. Rh7 Rf8) 58. Rc8 Rh1 $2 (58... Re3 $18 59. Kb4 Re1) 59. c4 {White mates.} Rb1+ 60. Kc2 Na3+ 61. Kc3 Rc1+ 62. Kb3 Nb5 63. Kb2 Rc3 64. Rb8+ 1-0

[Event "EIWCC 2017"]
[Site "Riga"]
[Date "2017.04.15"]
[Round "5"]
[White "Skripchenko, Almira"]
[Black "Mammadova, Narmin"]
[Result "1-0"]
[WhiteElo "2420"]
[BlackElo "2240"]
[Annotator "TA"]
[PlyCount "75"]
[EventDate "2017.??.??"]
[EventType "swiss"]
[EventCountry "LAT"]
[SourceTitle "playchess.com"]
[Source "ChessBase"]
[SourceQuality "1"]

{[%evp 26,75,31,37,27,18,24,22,32,14,24,27,95,61,73,13,20,24,27,6,62,80,123,121,150,142,139,84,155,144,165,149,142,143,250,242,255,243,347,339,401,394,535,541,532,514,515,507,496,459,491,490]} 1. e4 e6 2. d4 d5 3. Nd2 c5 4. exd5 Qxd5 5. Ngf3 cxd4 6. Bc4 Qd6 7. O-O Nf6 8. Nb3 Nc6 9. Nbxd4 Nxd4 10. Nxd4 a6 11. Bb3 Be7 12. c3 O-O {C07: French Tarrasch: 3...c5, 4 Ngf3 and 4 exd5 Qxd5} 13. Qf3 Qc5 (13... Qc7 14. Re1 Bd6 15. h3 e5 16. Nc2 e4 17. Qe2 Qc5 18. Nd4 Re8 19. Be3 Qe5 20. f4 {½-½ (63) Akopian,V (2654)-Vaisser,A (2540) Ohrid 2001}) 14. Re1 {LiveBook: 3 Games} Bd6 {White is slightly better.} 15. Bc2 Qd5 $146 (15... Qh5 16. Qxh5 Nxh5 17. Be3 Nf6 18. f3 Bc7 19. a4 Nd5 20. Bf2 Rd8 21. a5 {1-0 (66) Xiong,J (2345)-Neimer,V (2378) Saint Louis 2013}) 16. Qxd5 Nxd5 17. Bb3 Nf4 18. Be3 e5 (18... Bc7 $11 {remains equal.}) 19. Bxf4 exf4 20. Bd5 ({Better is} 20. Rad1 $16) 20... Rb8 21. Rad1 Rd8 22. h3 Bd7 ({Black should play} 22... Kf8 $11) 23. Nf3 $36 {[%mdl 2048] And now Ng5 would win. Black is under strong pressure.} Bf5 {[#]} 24. Bxb7 $1 {[%mdl 512]} h6 (24... Rxb7 25. Rxd6) 25. Be4 Be6 26. b3 (26. Bd5 $142) 26... Rbc8 (26... Ba3 $142) 27. Bd5 $16 Bf5 28. Nd4 Bd7 29. Bc4 Bc5 (29... a5 $16 {might work better.} 30. a4 g5) 30. Bxa6 $18 Ra8 31. Bc4 f3 (31... Ba3 {was called for.} 32. Rd3 Rdc8) 32. b4 (32. Nxf3 Rxa2 33. Nd4 Be6 34. Bxe6 (34. Nxe6 Rxd1 35. Rxd1 Bxf2+ 36. Kf1 fxe6 $18) 34... fxe6 35. Rxe6 Rb2 $18) (32. gxf3 Bxh3 33. a4 Kf8 $18) 32... Bf8 33. Nxf3 Rac8 {[#]} 34. Bxf7+ $1 {White is clearly winning.} Kh7 (34... Kxf7 35. Ne5+) 35. Rxd7 Rxd7 36. Be6 Rdc7 37. Bxc8 Rxc8 38. Re3 1-0

[Event "EIWCC 2017"]
[Site "Riga"]
[Date "2017.04.15"]
[Round "5"]
[White "Szczepkowska, Karina"]
[Black "Kantane, Anna"]
[Result "1-0"]
[WhiteElo "2414"]
[BlackElo "2230"]
[Annotator "NA"]
[PlyCount "83"]
[EventDate "2017.??.??"]
[EventType "swiss"]
[EventCountry "LAT"]
[SourceTitle "playchess.com"]
[Source "ChessBase"]
[SourceQuality "1"]
[TimeControl "40/5400+30:1800+30"]

1. e4 {[%emt 0:00:00]} c5 {[%emt 0:00:06]} 2. Nc3 {[%emt 0:00:00]} Nc6 {[%emt 0:00:25]} 3. Bb5 {[%emt 0:00:00]} Nd4 {[%emt 0:08:01]} 4. Nf3 {[%emt 0:00:00]} g6 {[%emt 0:07:40]} 5. Bc4 {[%emt 0:00:21]} Bg7 {[%emt 0:00:29]} 6. Nxd4 {[%emt 0:00:26]} cxd4 {[%emt 0:00:07]} 7. Qf3 {[%emt 0:00:08]} e6 $11 {[%emt 0:10:07]} 8. Nb5 {[%emt 0:00:20] LiveBook: 56 Games} d6 {[%emt 0:03:13]} 9. Qa3 {[%emt 0:09:57]} Bf8 {[%emt 0:03:20]} 10. Nxd4 {[%emt 0:02:05]} Nf6 {[%emt 0:03:48]} 11. Qf3 {[%emt 0:11:36]} Bg7 {[%emt 0:05:47]} 12. Bb3 {[%emt 0:00:34]} O-O {[%emt 0:05:34]} 13. O-O {[%emt 0:00:31]} Nd7 {[%emt 0:03:57]} 14. c3 {[%emt 0:00:57]} b6 {[%emt 0:03:27]} 15. d3 {[%emt 0:02:31]} Bb7 {[%emt 0:00:17]} 16. Qh3 {[%emt 0:03:54]} Nc5 {[%emt 0:03:01]} 17. Bc2 {[%emt 0:02:13]} e5 {[%emt 0:00:57]} 18. Nf3 {[%emt 0:12:16]} Ne6 {[%emt 0:14:11]} 19. g3 {[%emt 0:05:46]} f5 {[%emt 0:05:35]} 20. Bb3 {[%emt 0:01:38]} d5 {[%emt 0:00:19]} 21. Re1 {[%emt 0:07:42]} Nc5 {[%emt 0:02:50]} 22. exf5 {[%emt 0:06:03]} Rxf5 {[%emt 0:06:30]} 23. g4 {[%emt 0:01:38]} Rf8 {[%emt 0:02:25]} 24. Nxe5 {[%emt 0:02:48]} Nxb3 {[%emt 0:01:33]} 25. axb3 {[%emt 0:00:11]} d4 {[%emt 0:01:16]} 26. c4 {[%emt 0:02:39]} Qd6 {[%emt 0:04:26]} 27. f4 {[%emt 0:02:37]} g5 {[%emt 0:01:42]} 28. Bd2 {[%emt 0:02:04]} gxf4 {[%emt 0:00:13]} 29. Nf3 {[%emt 0:00:13]} a5 {[%emt 0:02:00]} 30. Ng5 {[%emt 0:02:17]} Qg6 {[%emt 0:00:51]} 31. Ne6 {[%emt 0:01:24]} f3 {[%emt 0:00:37]} 32. Nxf8 {[%emt 0:01:59]} Rxf8 {[%emt 0:00:46]} 33. Rf1 {[%emt 0:02:07]} Qxd3 {[%emt 0:00:14]} 34. Rf2 {[%emt 0:00:07]} Re8 {[%emt 0:01:03]} 35. Raf1 {[%emt 0:03:55]} Re2 {[%emt 0:00:34]} 36. Qg3 {[%emt 0:01:40]} Be5 {[%emt 0:00:35]} 37. Bf4 {[%emt 0:01:19]} Rxf2 {[%emt 0:00:29]} 38. Rxf2 {[%emt 0:00:22]} Bxf4 {[%emt 0:00:30]} 39. Qxf4 {[%emt 0:00:13]} Qd1+ {[%emt 0:00:29]} 40. Rf1 {[%emt 0:00:00]} f2+ {[%emt 0:00:32]} 41. Kxf2 {[%emt 0:05:23]} Qc2+ {[%emt 0:00:14]} 42. Kg3 {[%emt 0:00:07]} 1-0